000 00394nam a2200169Ia 4500
008 230524s9999 xx 000 0 und d
020 _a817381144X
082 _a610.28
_bDEB
100 _aA.C.Deb
245 0 _aFundamentals of Biochemistry
250 _a8TH
260 _aCALCUTTA
_bNCB
_c2004
300 _aXXX;848
500 _aQuantity Number: 4
650 _aBiomedical
942 _cBK
999 _c35225
_d35225